Zdaňovanie príjmov z podnikateľskej činnosti v SR diplomová práca

Gespeichert in:
Bibliographische Detailangaben
1. Verfasser: Kriváňová, Beáta
Körperschaft: Podnikovohospodárska fakulta EU so sídlom v Košiciach. Katedra finančného riadenia podniku
Weitere Verfasser: Simonidesová, Jana, 1968-
Format: Buch
Sprache:Slowakisch
Veröffentlicht: Košice 2018
Tags: Tag hinzufügen
Keine Tags, Fügen Sie das erste Tag hinzu!

MARC

LEADER 00000nbm a2200000 4500
001 0244078
005 20181019145907.4
041 0 |a slo 
044 |a SK 
245 1 0 |a Zdaňovanie príjmov z podnikateľskej činnosti v SR  |b diplomová práca  |c Beáta Kriváňová ; školiteľ: Jana Simonidesová 
264 1 |a Košice  |c 2018 
300 |a 72 s. 
100 1 |a Kriváňová, Beáta 
700 1 |a Simonidesová, Jana, 1968- 
710 2 |a Podnikovohospodárska fakulta EU so sídlom v Košiciach. Katedra finančného riadenia podniku